<?xml version="1.0" encoding="UTF-8"?>
<record
    xmlns:xsi="http://www.w3.org/2001/XMLSchema-instance"
    xsi:schemaLocation="http://www.loc.gov/MARC21/slim http://www.loc.gov/standards/marcxml/schema/MARC21slim.xsd"
    xmlns="http://www.loc.gov/MARC21/slim">

  <leader>03407nam a2200577Ia 4500</leader>
  <controlfield tag="001">232</controlfield>
  <controlfield tag="008">241029s9999    xx            000 0 und d</controlfield>
  <datafield tag="010" ind1=" " ind2=" ">
    <subfield code="a">204</subfield>
  </datafield>
  <datafield tag="041" ind1=" " ind2=" ">
    <subfield code="a">Espa&#xF1;ol</subfield>
  </datafield>
  <datafield tag="082" ind1=" " ind2=" ">
    <subfield code="a">TMGC120003BFEM</subfield>
  </datafield>
  <datafield tag="245" ind1=" " ind2="0">
    <subfield code="a">Diagn&#xF3;stico para elaborar una propuesta de inclusi&#xF3;n de la Educaci&#xF3;n F&#xED;sica y el deporte en el proyecto de centro del Centro Educativo Marillac, Distrito Escolar 15-04, Santo Domingo, Distrito Nacional.4</subfield>
  </datafield>
  <datafield tag="260" ind1=" " ind2=" ">
    <subfield code="a">Distrito Nacional</subfield>
  </datafield>
  <datafield tag="300" ind1=" " ind2=" ">
    <subfield code="a">65</subfield>
  </datafield>
  <datafield tag="520" ind1=" " ind2=" ">
    <subfield code="a">30</subfield>
  </datafield>
  <datafield tag="630" ind1=" " ind2=" ">
    <subfield code="a">Administraci&#xF3;n Educativa</subfield>
  </datafield>
  <datafield tag="630" ind1=" " ind2=" ">
    <subfield code="a">Aprendizaje</subfield>
  </datafield>
  <datafield tag="630" ind1=" " ind2=" ">
    <subfield code="a">Ausentismo</subfield>
  </datafield>
  <datafield tag="630" ind1=" " ind2=" ">
    <subfield code="a">Capacitaci&#xF3;n Docente</subfield>
  </datafield>
  <datafield tag="630" ind1=" " ind2=" ">
    <subfield code="a">Competencia Laboral</subfield>
  </datafield>
  <datafield tag="650" ind1=" " ind2=" ">
    <subfield code="a">Educaci&#xF3;n F&#xED;sica</subfield>
  </datafield>
  <datafield tag="690" ind1=" " ind2=" ">
    <subfield code="a">Elaborado</subfield>
  </datafield>
  <datafield tag="700" ind1=" " ind2=" ">
    <subfield code="e">asesor</subfield>
    <subfield code="a"> Viloria Santo, Juan Francisco</subfield>
  </datafield>
  <datafield tag="700" ind1=" " ind2=" ">
    <subfield code="e">autor</subfield>
    <subfield code="a">De Los Santos , Ana Minerva</subfield>
  </datafield>
  <datafield tag="700" ind1=" " ind2=" ">
    <subfield code="e">autor</subfield>
    <subfield code="a">P&#xE9;rez D&#xED;az, Carlos Manuel</subfield>
  </datafield>
  <datafield tag="901" ind1=" " ind2=" ">
    <subfield code="a">{"1":"De Los Santos ","2":"P&#xE9;rez D&#xED;az"}</subfield>
    <subfield code="b">{"1":"Ana Minerva","2":"Carlos Manuel"}</subfield>
  </datafield>
  <datafield tag="902" ind1=" " ind2=" ">
    <subfield code="a">1</subfield>
  </datafield>
  <datafield tag="903" ind1=" " ind2=" ">
    <subfield code="a">{"1":" Viloria Santo"}</subfield>
    <subfield code="b">{"1":"Juan Francisco"}</subfield>
  </datafield>
  <datafield tag="904" ind1=" " ind2=" ">
    <subfield code="a">Maestr&#xED;a en</subfield>
  </datafield>
  <datafield tag="905" ind1=" " ind2=" ">
    <subfield code="a">Gesti&#xF3;n y Administraci&#xF3;n Escolar</subfield>
  </datafield>
  <datafield tag="906" ind1=" " ind2=" ">
    <subfield code="a">2</subfield>
  </datafield>
  <datafield tag="907" ind1=" " ind2=" ">
    <subfield code="a">NO APLICA</subfield>
  </datafield>
  <datafield tag="908" ind1=" " ind2=" ">
    <subfield code="a">NO APLICA</subfield>
  </datafield>
  <datafield tag="909" ind1=" " ind2=" ">
    <subfield code="a">ISFODOSU, Recinto F&#xE9;lix Evaristo Mej&#xED;a</subfield>
  </datafield>
  <datafield tag="910" ind1=" " ind2=" ">
    <subfield code="a">NULL</subfield>
    <subfield code="b">NULL</subfield>
  </datafield>
  <datafield tag="911" ind1=" " ind2=" ">
    <subfield code="a">["1"]</subfield>
  </datafield>
  <datafield tag="912" ind1=" " ind2=" ">
    <subfield code="a">NO APLICA</subfield>
  </datafield>
  <datafield tag="913" ind1=" " ind2=" ">
    <subfield code="a">NULL</subfield>
  </datafield>
  <datafield tag="914" ind1=" " ind2=" ">
    <subfield code="a">05 de Marzo de 2012</subfield>
  </datafield>
  <datafield tag="915" ind1=" " ind2=" ">
    <subfield code="a">30/11/19 09:11</subfield>
  </datafield>
  <datafield tag="916" ind1=" " ind2=" ">
    <subfield code="a">NULL</subfield>
  </datafield>
  <datafield tag="917" ind1=" " ind2=" ">
    <subfield code="a">NULL</subfield>
  </datafield>
  <datafield tag="918" ind1=" " ind2=" ">
    <subfield code="a">NO APLICA</subfield>
  </datafield>
  <datafield tag="919" ind1=" " ind2=" ">
    <subfield code="a">["10","18","24","30","36"]</subfield>
  </datafield>
  <datafield tag="520" ind1=" " ind2=" ">
    <subfield code="a">Los principales prop&#xF3;sitos del &#xA0;estudio consistieron en Identificar en correspondencia con los prop&#xF3;sitos propuestos para una actividad de las habilidades motoras los resultados obtenidos, verificar las carencias y necesidades existentes de la ense&#xF1;anza de las habilidades motora de los estudiantes en la clase de&#xA0;Educaci&#xF3;n F&#xED;sica, y describir las&#xA0;carencias y las necesidades existentes en los componentes de la planificaci&#xF3;n y de las clases de Educaci&#xF3;n F&#xED;sica y Deportes.&#xA0;Este estudio es de tipo exploratorio, los m&#xE9;todos utilizados fueron el deductivo, el inductivo; las t&#xE9;cnicas fueron el cuestionario, la encuesta y ficha de observaci&#xF3;n. La poblaci&#xF3;n de objeto de estudio del Centro Educativo Marillac, del Distrito Educativo 15-04. Estuvo compuesta por cinco (5) integrantes del equipo de Gesti&#xF3;n, dos (2) docentes del &#xE1;rea de Educaci&#xF3;n F&#xED;sica y Deporte Escolar, as&#xED; como seiscientos ochenta y tres (683) alumnos y alumnas. La muestra fue de un 80% del equipo de Gesti&#xF3;n, el 100% de los docentes y 14,4% de los estudiantes.&#xA0;Los an&#xE1;lisis realizados indican que los resultados obtenidos se corresponde con los prop&#xF3;sitos propuestos, respecto a la carencias y necesidades de la ense&#xF1;anza de las habilidades motoras se detectaron varias limitaciones, por el reducido espacio f&#xED;sico para la pr&#xE1;ctica y pocos recursos did&#xE1;ctico. Se detect&#xF3; la existencia de controles sobre las actividades que desarrollan los docentes del &#xE1;rea de Educaci&#xF3;n F&#xED;sica con sus estudiantes y &#xA0;la planificaci&#xF3;n adecuadamente incluyendo las actividades.&#xA0;El estudio recomienda, que deben utilizar espacios f&#xED;sicos adecuados en la pr&#xE1;ctica deportiva y los profesores deben elaborar materiales did&#xE1;cticos del &#xE1;rea.</subfield>
  </datafield>
  <datafield tag="921" ind1=" " ind2=" ">
    <subfield code="a">16</subfield>
  </datafield>
  <datafield tag="922" ind1=" " ind2=" ">
    <subfield code="a">16</subfield>
  </datafield>
  <datafield tag="923" ind1=" " ind2=" ">
    <subfield code="a">0</subfield>
  </datafield>
  <datafield tag="924" ind1=" " ind2=" ">
    <subfield code="a">NO APLICA</subfield>
  </datafield>
  <datafield tag="942" ind1=" " ind2=" ">
    <subfield code="c">Tesis</subfield>
  </datafield>
  <datafield tag="999" ind1=" " ind2=" ">
    <subfield code="c">204</subfield>
    <subfield code="d">204</subfield>
  </datafield>
</record>
